| 000 | 006240000a22002290004500 | ||
|---|---|---|---|
| 003 | LK-CoMWRAF | ||
| 005 | 20231106105639.0 | ||
| 008 | 230817t1979 ||||| |||| 00| 0 eng d | ||
| 020 | _a0876301928 | ||
| 040 |
_aLK-CoMWRAF _dLK-CoMWRAF _eLK-CoMWRAF |
||
| 041 | _aeng | ||
| 082 |
_a155.5 _bFEM |
||
| 245 | _aFemale adolescent development | ||
| 260 |
_aNew York: _bBrunner/Mazel, _c1979 |
||
| 300 |
_axvii, 362 p. : ill. ; 24 cm. _bIndex included |
||
| 650 | _aAdolescent Psychology | ||
| 650 | _aHuman Development | ||
| 650 | _aWomen-Psychology | ||
| 650 | _aAdolescence. | ||
| 700 |
_aSugar, Max _eed. |
||
| 942 | _cBK | ||
| 999 |
_c1430 _d1430 |
||